MARC

LEADER 00000nam0a2200000 4500
001 373998
005 20231101050949.0
035 |a (RuTPU)RU\TPU\retro\31431 
035 |a RU\TPU\book\225563 
090 |a 373998 
100 |a 20221216d1989 k y0rusy50 ca 
101 0 |a rus 
102 |a RU 
105 |a a z 001zy 
200 1 |a Новые направления в проектировании и технологии производства асинхронных двигателей  |e труды  |f Всесоюзный научно-исследовательский проектно-конструкторский и технологический институт электромашиностроения (ВНИПТИЭМ) ; под ред. Л. А. Павленко 
210 |a Владимир  |d 1989 
215 |a 279 с.  |c ил. 
320 |a Библиография в конце работ. 
610 1 |a электрические машины 
610 1 |a асинхронные двигатели 
610 1 |a проектирование 
610 1 |a производство 
610 1 |a конструкции 
610 1 |a электродвигатели 
610 1 |a электродвигатели асинхронные 
675 |a 621.313.333.001.6  |v 3 
675 |a 621.313.333.002  |v 3 
702 1 |a Павленко  |b Л. А.  |4 340 
712 0 2 |a Всесоюзный научно-исследовательский проектно-конструкторский и технологический институт электромашиностроения (ВНИПТИЭМ)  |c (Владимир)  |2 stltpush  |3 (RuTPU)RU\TPU\col\11257 
801 1 |a RU  |b 63413507  |c 20120118 
801 2 |a RU  |b 63413507  |c 20221216  |g RCR 
942 |c BK